Tabla de contenidos:
Guardado en:
| Format: | Bog |
|---|---|
| Sprog: | Spanish |
| Tags: |
Tilføj Tag
Ingen Tags, Vær først til at tagge denne postø!
|
MARC
| LEADER | 00000nam a22000007a 4500 | ||
|---|---|---|---|
| 003 | cru CIDCACS/IIS | ||
| 005 | 20230919140503.0 | ||
| 007 | ta | ||
| 008 | 230627t cr ||||| ||||o00| spa d | ||
| 040 | |c cru CIDCACS/IIS | ||
| 245 | |a Tabla de contenidos: |c volumen 11, número 2 | ||
| 505 | |a Contenido: 1.Semblanza: El Castillo Azul. -- 2.Primer foro: reformas al reglamento de la Asamblea Legislativa /Alberto F. Cañas José Miguel Corrales Bolaños Federico Ma lavas si Calvo Carlos Vargas Pagán Moderador: Rolando Laclé Castro. -- 3.Segundo foro: reformas tributarias / Jorge Wálter Bolaños Epsy Campbell Barr Antonio Alvarez Desanti Luis Fernando Vargas Moderador: Rolando Laclé Castro. -- 4.Tercer foro : Tratado de Libre Comercio con Estados Unidos de América / Rodrigo Alberto Carato Zeledón Alberto Trejos Zúñiga Marco Vinicio Ruiz Guido Vargas Artavia Moderador: Rolando Laclé Castro. -- 5.Cuarto foro : reformas electorales /Oscar Fonseca Montoya Luis Guillermo Solís Constantino Urcuyo Fournier Moderador: Rolando Laclé Castro. -- 6.Quinto foro: reformas financieras / Ronulfo Jiménez Rodríguez Francisco de Paula Gutiérrez Bernal Jiménez Monge Moderador: Rolando Laclé Castro. -- 7.De la corrupción de las políticas públicas a las políticas públicas anticorrupción /Alian Abarca Rodríguez. -- 8.La reforma constitucional en Costa Rica / Hubert May. -- 9.Control de constitucionalidad en materia electoral / Luis Diego Brenes Villalobos. -- 10.El voto de censura: aplicación indebida / Teresa Pérez Porta. -- 11.Nuevos proyectos de ley introducidos en la corriente legislativa. Mayo 2002 / abril 2003 / José Gerardo González | ||
| 773 | 0 | |0 19367 |9 8730 |a Costa Rica. |d San José, Costa Rica: Asamblea Legislativa, 1986- |o 23509 |t Revista Parlamentaria / |x 1409007 | |
| 942 | |2 z |c PP | ||
| 999 | |c 45108 |d 45108 | ||
